| 000 | 00868nam a22002655a 4500 | ||
|---|---|---|---|
| 008 | 161225s2016 nyu||||frb||| 001 0 eng d | ||
| 020 | _a168117328X | ||
| 020 | _a9781681173283 | ||
| 040 |
_aEG-ScBUE _beng _cEG-ScBUE |
||
| 082 |
_222 _a665.7 _bADV |
||
| 245 |
_aAdvanced natural gas engineering / _cEditor, Manoj Karkare. |
||
| 260 |
_aValley Cottage, New York : _bSCITUS Academics LLC, _c2016. |
||
| 300 |
_avi, 229 p. : _bill. ; _c18 cm. |
||
| 500 | _aIndexes : p. 223-229. | ||
| 504 | _aCitations : p. 219-221. | ||
| 504 | _aBibliography : p. 213-218. | ||
| 590 | _aWessam | ||
| 650 | 7 |
_2BUEsh _924655 _aGas well drilling. |
|
| 650 | 7 |
_935896 _aNatural gas _xGeology. |
|
| 650 | 7 |
_941755 _aNatural gas reserves. |
|
| 651 | _2BUEsh | ||
| 653 |
_bENGPET _cDecember2016 |
||
| 700 | 1 |
_941752 _aKarkare, Manasi Manojā. _eeditor. |
|
| 942 |
_2ddc _e22 _k665.7 ADV |
||
| 999 |
_c23719 _d23691 |
||